Statistics for Spanish Vocabulary Words That Start With U-Z

Click here to take the quiz!

General Stats

  • This quiz has been taken 2,237 times
  • The average score is 36 of 47

Answer Stats

English español % Correct
to seever
98%
cowvaca
98%
greenverde
97%
winevino
96%
to livevivir
96%
to useusar
96%
universityuniversidad
95%
to visitvisitar
94%
shoeszapatos
93%
to sellvender
91%
Iyo
91%
to travelviajar
91%
vacationvacación
91%
summerverano
90%
windowventana
90%
zonezona
88%
oldviejo
87%
truthverdad
87%
grapesuvas
87%
to comevenir
87%
to votevotar
85%
lifevida
83%
to flyvolar
82%
to returnvolver
82%
urgenturgente
81%
violenceviolencia
81%
uniformuniforme
78%
victimvíctima
75%
windviento
73%
voicevoz
72%
varietyvariedad
71%
speedvelocidad
70%
to get dressedvestir
70%
neighborvecino
70%
carrotzanahoria
69%
viewvista
68%
veinvena
65%
flightvuelo
60%
emptyvacío
60%
valleyvalle
55%
valuevalor
54%
vinegarvinagre
44%
shamevergüenza
44%
advantageventaja
43%
vaccinevacuna
29%
revengevenganza
26%
left handedzurdo
20%

Score Distribution

Percentile by Number Answered

Percent of People with Each Score

Your Score History

You have not taken this quiz